Исследование методом Монте-Карло некоторых элементарных физико-химических процессов на поверхности; Известия Томского политехнического университета [Известия ТПУ]; Т. 306, № 4

Bibliographic Details
Parent link:Известия Томского политехнического университета [Известия ТПУ]/ Томский политехнический университет (ТПУ).— , 2000-
Т. 306, № 4.— 2003.— [С. 14-17]
Main Author: Лепехина Н. В. Надежда Владимировна
Other Authors: Абабий В. Д.
Summary:Заглавие с титульного листа
Электронная версия печатной публикации
Проведено исследование методом Монте-Карло механизмов простых физико-химических процессов на поверхности: адсорбции, десорбции, рекомбинации атомов. Для теоретического описания статистического расчета составлены вероятностные уравнения. С помощью предложенных уравнений можно сопоставить стохатическую и кинетическую модели и определить константы скорости элементарных стадий через параметры модели Монте-Карло. В решениях вероятностных уравнений можно выделить величины, определяющие скорость роста концентрации адсорбата и стационарное значение концентрации.
Language:Russian
Published: 2003
Series:Естественные науки
Subjects:
Online Access:http://www.lib.tpu.ru/fulltext/v/Bulletin_TPU/2003/v306/i4/03.pdf
Format: Electronic Book Chapter
KOHA link:https://koha.lib.tpu.ru/cgi-bin/koha/opac-detail.pl?biblionumber=167547

MARC

LEADER 00000nla2a2200000 4500
001 167547
005 20231228145844.0
035 |a (RuTPU)RU\TPU\book\181769 
035 |a RU\TPU\book\181768 
090 |a 167547 
100 |a 20091016d2003 k y0rusy50 ca 
101 0 |a rus 
102 |a RU 
135 |a drnn ---uucaa 
181 0 |a i  
182 0 |a b 
200 1 |a Исследование методом Монте-Карло некоторых элементарных физико-химических процессов на поверхности  |f Н. В. Лепехина, В. Д. Абабий 
203 |a Текст  |c электронный 
215 |a 1 файл (317 Кб) 
225 1 |a Естественные науки 
300 |a Заглавие с титульного листа 
300 |a Электронная версия печатной публикации 
320 |a [Библиогр.: с. 17 (5 назв.)] 
330 |a Проведено исследование методом Монте-Карло механизмов простых физико-химических процессов на поверхности: адсорбции, десорбции, рекомбинации атомов. Для теоретического описания статистического расчета составлены вероятностные уравнения. С помощью предложенных уравнений можно сопоставить стохатическую и кинетическую модели и определить константы скорости элементарных стадий через параметры модели Монте-Карло. В решениях вероятностных уравнений можно выделить величины, определяющие скорость роста концентрации адсорбата и стационарное значение концентрации. 
337 |a Adobe Reader 
461 1 |0 (RuTPU)RU\TPU\book\176237  |t Известия Томского политехнического университета [Известия ТПУ]  |f Томский политехнический университет (ТПУ)  |d 2000- 
463 1 |0 (RuTPU)RU\TPU\book\181736  |t Т. 306, № 4  |f под ред. В. А. Власова  |v [С. 14-17]  |d 2003  |p 169 с. 
610 1 |a метод Монте-Карло 
610 1 |a элементарные процессы 
610 1 |a физико-химические процессы 
610 1 |a поверхность 
610 1 |a механизмы 
610 1 |a адсорбция 
610 1 |a десорбция 
610 1 |a рекомбинация 
610 1 |a атомы 
610 1 |a статистические расчеты 
610 1 |a вероятностные уравнения 
610 1 |a стохастические модели 
610 1 |a кинетические модели 
610 1 |a константы 
610 1 |a скорости 
610 1 |a параметры 
610 1 |a величины 
610 1 |a рост 
610 1 |a концентрация 
610 1 |a адсорбаты 
610 1 |a труды учёных ТПУ 
610 1 |a электронный ресурс 
700 1 |a Лепехина  |b Н. В.  |c физик  |c ассистент Томского политехнического университета, кандидат физико-математических наук  |f 1982-  |g Надежда Владимировна  |3 (RuTPU)RU\TPU\pers\36112  |9 19220 
701 1 |a Абабий  |b В. Д. 
801 1 |a RU  |b 63413507  |c 20090623  |g PSBO 
801 2 |a RU  |b 63413507  |c 20160201  |g PSBO 
856 4 |u http://www.lib.tpu.ru/fulltext/v/Bulletin_TPU/2003/v306/i4/03.pdf 
942 |c CF